[Event "Eq:Royal Kids-La Diagonale du Fou :"]
[Site "www.echecsemail.com"]
[Date "2026.02.02"]
[Round "1"]
[White "Roxane"]
[Black "Pgo"]
[WhiteElo "1450"]
[BlackElo "1730"]
[Result "0-1"]
1.d4 d5
2.Bc1f4 e6
3.Ng1f3 Ng8f6
4.e3 a6
5.Bf1d3 Bf8b4
6.c3 Bb4a5
7.Qd1a4 Nb8c6
8.Nf3e5 Ba5b6
9.Ne5xc6 bxc6
10.O-O O-O
11.Nb1d2 h6
12.Nd2f3 Bc8b7
13.Nf3e5 Qd8e8
14.Qa4d1 c5
15.dxc5 Bb6xc5
16.h3 c6
17.g4 Ra8d8
18.b4 Bc5d6
19.a3 Bd6xe5
20.Bf4xe5 Qe8e7
21.Be5xf6 Qe7xf6
22.Ra1c1 e5
23.Qd1c2 e4
24.Bd3e2 g5
25.Be2d1 Rf8e8
26.Bd1e2 Kg7
27.b5 axb5
28.a4 Bb7a6
29.a5 Qf6e6
30.c4 bxc4
31.Qc2c3 f6
32.Rc1b1 Rd8b8
33.Rb1b6 Rb8xb6
34.Qc3d4 Rb6b7
35.Kg2 Qe6e5
36.Qd4d1 Rb7b2
37.Rf1h1 Re8b8
38.Qd1d4 Qe5xd4
39.exd4 Rb2xe2
40.h4 Rb8b2
41.hxg5 Re2xf2
42.Kg3 Rf2f3
43.Kh4 hxg5
44.Kh5 Rb2b3
{ abandon }0-1

[Event "Défi( 10J+24H/c 10J Max )"]
[Site "www.echecsemail.com"]
[Date "2026.02.02"]
[Round "1"]
[White "Joelcouturier"]
[Black "Anumisme"]
[WhiteElo "1150"]
[BlackElo "1220"]
[Result "1-0"]
1.e4 e5
2.Ng1f3 Nb8c6
3.Bf1c4 h6
4.O-O d6
5.Nb1c3 Bc8g4
6.Bc4e2 Qd8d7
7.Nc3d5 f6
8.Be2b5 a6
9.Bb5d3 Nc6d4
10.Bd3e2 Qd7c6
11.c3 Nd4xe2
12.Qd1xe2 Ng8e7
13.h3 Bg4e6
14.c4 g5
15.Nd5xf6 Kd8
16.h4 a5
17.Nf3e1 Bf8g7
18.Qe2f3 Kc8
19.b3 Rh8f8
20.d4 Bg7xf6
21.d5 Be6xd5
22.Qf3h3 Kb8
23.exd5 Qc6c5
24.Ne1d3 Ne7g6
25.Nd3xc5 dxc5
26.Rf1d1 Ng6f4
27.Qh3d7 b6
28.g3 Nf4e2
29.Kg2 e4
30.Ra1b1 Bf6d4
31.Bc1xg5 Rf8xf2
32.Kh3 Kb7
33.b4 Bd4e5
34.bxc5 Ne2xg3
35.c6 Kb8
36.Rb1xb6 Ka7
37.Rd1b1 hxg5
38.Rb1b5 Rf2xa2
39.Qd7e6 cxb6
40.Qe6d7 Kb8
41.Qd7b7 1-0

[Event "Coupe Niveau 4"]
[Site "www.echecsemail.com"]
[Date "2026.02.02"]
[Round "1"]
[White "Senegaulois"]
[Black "Alain64"]
[WhiteElo "1900"]
[BlackElo "2100"]
[Result "1-0"]
1.e4 c5
2.f4 d6
3.Ng1f3 Nb8c6
4.Bf1c4 Bc8g4
5.c3 Ng8f6
6.d3 g6
7.O-O Bf8g7
8.Kh1 a6
9.a3 O-O
10.Bc1e3 b5
11.Bc4b3 Nc6a5
12.Bb3c2 c4
13.Nb1d2 cxd3
14.Bc2xd3 e5
15.Qd1e1 Rf8e8
16.Bd3c2 Na5c4
17.Nd2xc4 bxc4
18.f5 gxf5
19.Nf3d2 fxe4
20.Nd2xe4 Nf6xe4
21.Bc2xe4 Ra8b8
22.Qe1d2 Qd8e7
23.Be3g5 f6
24.Bg5h4 Bg4e6
25.Qd2c2 h6
26.Be4h7 Kh8
27.Bh7g6 Re8f8
28.Rf1f2 Rb8d8
29.Ra1f1 d5
30.Qc2e2 d4
31.Qe2xe5 dxc3
32.Qe5xc3 Be6d5
33.Qc3c1 Rd8d6
34.Kg1 Rd6e6
35.Bg6b1 Re6e2
36.Rf2xe2 Qe7xe2
37.Rf1f2 Qe2h5
38.Qc1c2 f5
39.Bh4g3 Bg7d4
40.Kf1 Bd4xf2
41.Bg3e5 Kg8
42.Kxf2 Qh5f7
43.Be5f4 Bd5e4
44.Qc2c1 Be4xb1
45.Qc1xb1 Qf7g6
46.Qb1c1 Qg6e6
47.Bf4xh6 Rf8b8
48.Qc1g5 Kf7
49.Qg5g7 Ke8
50.Qg7f8 Kd7
51.Qf8xb8 Qe6xh6
52.Qb8b7 Ke8
53.Qb7c8 Ke7
54.Qc8xc4 Qh6d2
55.Qc4e2 Qd2xe2
56.Kxe2 Kd6
57.Ke3 Ke5
58.g3 a5
59.b3 { abandon }1-0

[Event "Tournoi échelle division 1"]
[Site "www.echecsemail.com"]
[Date "2026.02.02"]
[Round "1"]
[White "Pgo"]
[Black "Tahar"]
[WhiteElo "1740"]
[BlackElo "1980"]
[Result "0-1"]
1.e4 e5
2.Ng1f3 Ng8f6
3.Nb1c3 Bf8b4
4.d3 d6
5.Bc1g5 Nb8d7
6.Qd1d2 b6
7.a3 Bb4xc3
8.Qd2xc3 Bc8b7
9.Bf1e2 Qd8c8
10.O-O O-O
11.Rf1e1 h6
12.Bg5xf6 Nd7xf6
13.h3 Nf6h7
14.b4 f5
15.Qc3b3 Kh8
16.c4 fxe4
17.dxe4 Bb7xe4
18.Be2d1 Be4f5
19.Nf3h4 Nh7g5
20.g4 Bf5h7
21.Bd1c2 Bh7xc2
22.Qb3xc2 Ng5xh3
23.Kh2 Rf8xf2
24.Qc2xf2 Nh3xf2
25.Nh4g6 Kh7
26.Ng6e7 Qc8xg4
27.Re1e3 Ra8f8
28.Ra1g1 Qg4h4
29.Kg2 Nf2g4
30.Re3h3 Rf8f2
31.Kh1 Qh4xh3
0-1

[Event "Défi"]
[Site "www.echecsemail.com"]
[Date "2026.02.02"]
[Round "1"]
[White "Solnic"]
[Black "Malvina"]
[WhiteElo "1280"]
[BlackElo "1270"]
[Result "0-1"]
1.c4 e5
2.e4 Ng8f6
3.a3 Nb8c6
4.Ng1f3 Bf8c5
5.d3 Nc6d4
6.Nf3xd4 Bc5xd4
7.Bc1e3 Bd4xe3
8.fxe3 Qd8e7
9.Nb1c3 d6
10.Nc3b5 Bc8g4
11.Bf1e2 a6
12.Nb5c3 O-O-O
13.Be2xg4 Kb8
14.O-O h5
15.Bg4h3 g5
16.d4 c6
17.d5 cxd5
18.exd5 g4
19.Nc3a4 gxh3
20.gxh3 h4
21.Qd1c2 Nf6h5
22.Na4b6 Qe7c7
23.Nb6a4 Rh8g8
24.Kh1 Rd8f8
25.Rf1f5 Nh5g7
26.Rf5f4 exf4
27.exf4 Rf8e8
28.Qc2f2 Ng7f5
29.b4 Re8e4
30.Ra1b1 Re4xc4
31.Na4b6 Rc4e4
32.b5 a5
33.Nb6a4 Re4xa4
34.b6 Qc7c3
35.Qf2e2 Ra4xa3
36.Rb1f1 Qc3xh3
37.Rf1c1 Nf5g3
38.Kg1 Ng3xe2
{ abandon }0-1

[Event "Eq:Avalon-Royal Kids :"]
[Site "www.echecsemail.com"]
[Date "2026.02.02"]
[Round "1"]
[White "Neddy"]
[Black "Tartu"]
[WhiteElo "1410"]
[BlackElo "1730"]
[Result "0-1"]
1.e4 e6
2.d4 d5
3.e5 c5
4.c3 cxd4
5.cxd4 Qd8b6
6.Ng1f3 Nb8c6
7.a3 a5
8.Bf1e2 Bc8d7
9.O-O Ra8c8
10.Bc1d2 Qb6xb2
11.Nb1c3 Qb2b6
12.Nc3a4 Qb6a7
13.Bd2e3 Ng8e7
14.Qd1d3 Ne7g6
15.Ra1b1 Bf8e7
16.Na4c5 Be7xc5
17.dxc5 Ng6xe5
18.h3 Ne5xd3
19.Be2xd3 e5
20.Nf3d2 e4
21.Bd3b5 O-O
22.a4 Bd7e6
23.Nd2b3 d4
24.Nb3xd4 Nc6xd4
25.Rf1d1 Nd4f5
26.Be3d4 Nf5xd4
27.Rd1xd4 Rc8xc5
28.Rb1d1 Rc5c8
29.Rd4xe4 Rf8d8
30.Rd1d3 Rd8xd3
31.Bb5xd3 h6
32.Re4e1 Qa7d4
33.Bd3b5 Rc8c2
34.Bb5e2 Be6c4
35.Re1d1 Qd4e5
36.Rd1d8 Kh7
37.Be2d3 g6
38.g3 Bc4xd3
39.Rd8xd3 Qe5e1
{ abandon }0-1

[Event "2601"]
[Site "www.echecsemail.com"]
[Date "2026.02.02"]
[Round "1"]
[White "Katastrofic"]
[Black "Turbo"]
[WhiteElo "1410"]
[BlackElo "1360"]
[Result "1-0"]
1.e4 e5
2.Bf1c4 h6
3.a3 Ng8f6
4.d3 d6
5.h3 b6
6.Ng1f3 c6
7.O-O a5
8.Bc4a2 c5
9.c4 Bf8e7
10.Nb1c3 Bc8a6
11.b3 O-O
12.a4 Ba6b7
13.Nc3d5 Nf6xd5
14.cxd5 Bb7c8
15.Bc1d2 Qd8d7
16.Nf3h2 Qd7b7
17.f4 Qb7d7
18.f5 Kh7
19.Ba2b1 g5
20.Nh2g4 h5
21.Ng4f2 Rf8g8
22.Qd1f3 g4
23.hxg4 Be7g5
24.Bd2xg5 Rg8xg5
25.Nf2h3 Rg5xg4
26.Ra1a2 f6
27.Bb1c2 h4
28.Qf3xg4 Qd7f7
29.Qg4xh4 Kg8
30.Rf1f3 Kf8
31.Qh4h8 Ke7
32.Qh8xc8 Qf7e8
33.Qc8c7 Nb8d7
34.Qc7c6 Ra8c8
35.Qc6b5 c4
36.bxc4 Rc8c5
37.Qb5b2 Qe8h8
38.Rf3g3 Qh8h6
39.Rg3g6 Qh6e3
40.Kh1 Kf7
41.Ra2a1 Rc5c8
42.Ra1f1 Rc8h8
43.Rf1f3 Qe3e1
44.Kh2 Nd7f8
45.Rg6g4 Nf8h7
46.Qb2xb6 Nh7g5
47.Qb6c7 Kg8
48.Qc7xd6 Kg7
49.Rg4xg5 fxg5
50.Qd6xe5 Kh7
51.Nh3xg5 Kg8
52.Rf3h3 Qe1d2
53.Qe5xh8 1-0

[Event "Défi( 10J+24H/c 10J Max )"]
[Site "www.echecsemail.com"]
[Date "2026.02.02"]
[Round "1"]
[White "Berjay"]
[Black "Patau"]
[WhiteElo "1710"]
[BlackElo "1700"]
[Result "1-0"]
1.e4 e5
2.Ng1f3 Nb8c6
3.Bf1c4 Ng8f6
4.Nb1c3 Nf6xe4
5.d3 Ne4xc3
6.bxc3 d5
7.Bc4b5 Bf8d6
8.O-O O-O
9.d4 Bc8g4
10.Rf1e1 e4
11.h3 Bg4h5
12.Bb5e2 exf3
13.Be2xf3 Bh5xf3
14.Qd1xf3 Nc6e7
15.Bc1g5 f6
16.Bg5h4 c6
17.Re1e3 Qd8d7
18.Ra1e1 Ra8e8
19.Qf3e2 Rf8f7
20.c4 Kf8
21.c5 Bd6f4
22.Re3e6 Bf4g5
23.Bh4g3 b6
24.Qe2a6 bxc5
25.dxc5 Ne7f5
26.Re6xe8 Qd7xe8
27.Re1xe8 Kxe8
28.Qa6xc6 { abandon }1-0

[Event "Eq:fouschess-Les Rois du Succes :"]
[Site "www.echecsemail.com"]
[Date "2026.02.02"]
[Round "1"]
[White "4x4"]
[Black "Anton17"]
[WhiteElo "1470"]
[BlackElo "1370"]
[Result "1-0"]
1.e4 e6
2.d4 d5
3.e5 c5
4.c3 Nb8c6
5.Ng1f3 a6
6.Nb1d2 Ng8f6
7.exf6 Qd8xf6
8.Bf1e2 e5
9.Nf3xe5 Nc6xe5
10.dxe5 Qf6xe5
11.Nd2f3 Qe5e4
12.O-O Bf8d6
13.Rf1e1 O-O
14.Be2d3 Qe4g4
15.h3 Qg4d7
16.g4 Bd6c7
17.Bd3f5 Qd7d6
18.Kf1 Bc8xf5
19.gxf5 Qd6f6
20.Qd1xd5 Ra8d8
21.Qd5xb7 Qf6xf5
22.Bc1e3 Qf5xh3
23.Ke2 Qh3d7
24.Ra1d1 Qd7b5
25.Qb7xb5 axb5
26.Rd1xd8 Rf8xd8
27.Be3xc5 g5
28.b4 Rd8e8
29.Kf1 Re8xe1
30.Kxe1 g4
31.Nf3h4 g3
32.Kf1 f6
33.fxg3 Bc7xg3
34.Nh4f5 Bg3e5
35.Bc5d4 Kf7
36.Bd4xe5 fxe5
37.Nf5d6 Ke6
38.Nd6xb5 Kd5
39.a4 Kc6
40.Ke2 h5
41.c4 h4
42.Kf3 Kd7
43.Nb5c3 Ke6
44.Kg4 h3
45.Kxh3 Kf5
46.a5 { abandon }1-0

[Event "Défi"]
[Site "www.echecsemail.com"]
[Date "2026.02.03"]
[Round "1"]
[White "Jipepe"]
[Black "Castor"]
[WhiteElo "1430"]
[BlackElo "1360"]
[Result "1-0"]
1.e4 c6
2.Ng1f3 Ng8f6
3.Nb1c3 d6
4.d4 Bc8g4
5.Bf1e2 e6
6.e5 Nf6d7
7.Nf3g5 Bg4f5
8.Be2g4 h6
9.Bg4xf5 Qd8e7
10.exd6 Qe7f6
11.Bf5h3 Bf8xd6
12.O-O g6
13.Ng5e4 Bd6c7
14.Ne4xf6 Nd7xf6
15.Qd1f3 Nf6d7
16.Rf1e1 O-O
17.Bc1xh6 Rf8e8
18.Nc3e4 Bc7d8
19.Ne4g5 Bd8xg5
20.Bh6xg5 Nb8a6
21.c3 Re8f8
22.Re1e4 Na6c7
23.Qf3f4 Nc7d5
24.Qf4h4 f5
25.Re4xe6 Nd5c7
26.Re6xg6 Kf7
27.Qh4h7 Ke8
28.Qh7e7 1-0

[Event "Défi"]
[Site "www.echecsemail.com"]
[Date "2026.02.03"]
[Round "1"]
[White "Kawa750"]
[Black "Chomi64"]
[WhiteElo "1810"]
[BlackElo "1830"]
[Result "0-1"]
1.g4 d5
2.Bf1g2 Bc8xg4
3.c4 c6
4.cxd5 cxd5
5.Nb1c3 e6
6.Qd1a4 Nb8c6
7.Qa4xg4 g6
8.Qg4a4 Ng8f6
9.Ng1f3 Bf8g7
10.Nf3e5 Qd8a5
11.Qa4xa5 Nc6xa5
12.Nc3b5 Ke7
13.O-O a6
14.Nb5c3 Na5c4
15.Ne5xc4 dxc4
16.Bg2xb7 Ra8a7
17.Bb7g2 Rh8d8
18.d3 cxd3
19.exd3 Rd8xd3
 { temps }0-1

[Event "Tournoi échelle division 2"]
[Site "www.echecsemail.com"]
[Date "2026.02.03"]
[Round "1"]
[White "Nbelnico"]
[Black "Patau"]
[WhiteElo "1690"]
[BlackElo "1700"]
[Result "1-0"]
1.e4 e5
2.Ng1f3 Ng8f6
3.d3 Nb8c6
4.a3 d5
5.exd5 Nf6xd5
6.Bf1e2 Bf8d6
7.O-O O-O
8.Bc1d2 Bc8g4
9.Nf3e1 Bg4xe2
10.Qd1xe2 Nc6d4
11.Qe2g4 f5
12.Qg4g3 e4
13.Qg3h3 Nd4e2
14.Kh1 Nd5f4
15.Qh3e3 exd3
16.cxd3 Rf8e8
17.Qe3f3 Qd8g5
18.g3 Qg5g4
19.Qf3xg4 fxg4
20.gxf4 Ne2xf4
21.Nb1c3 Ra8d8
22.Nc3b5 Re8e2
23.Bd2e3 Nf4d5
24.Nb5xd6 Rd8xd6
25.Be3c5 Rd6e6
26.Ne1g2 Re2xb2
27.Ng2h4 Rb2d2
28.Nh4f5 Rd2xd3
29.a4 Re6f6
30.Nf5e7 Nd5xe7
31.Bc5xe7 Rf6e6
32.Be7c5 Rd3h3
33.Bc5xa7 Re6h6
34.Ba7b8 Rh3xh2
35.Kg1 Rh2h1
36.Kg2 Rh1h2
37.Kg3 Rh2h3
38.Kf4 g5
39.Kf5 Rh3f3
40.Kxg4 Rf3f4
41.Kg3 Rf4h4
42.Kf3 g4
43.Ke2 Rh6e6
44.Kd1 Re6d6
45.Ke1 Rd6e6
46.Kd2 Re6d6
47.Ke2 Rd6c6
48.Ra1a2 Rh4h5
49.Rf1g1 Rh5e5
50.Kd1 h5
51.Ra2c2 Rc6xc2
52.Kxc2 Re5c5
53.Kb3 Kf7
54.Kb4 Rc5c2
55.Bb8a7 b6
56.Rg1f1 Rc2e2
57.Ba7b8 c5
58.Kc4 Kf6
59.Bb8c7 Re2b2
60.Bc7d8 Kf5
61.a5 bxa5
62.Bd8xa5 Rb2a2
63.Ba5c7 Ke4
64.Kxc5 Kf3
65.Bc7g3 Ra2a1
66.Rf1xa1 { abandon }1-0

[Event "Tournoi n27421"]
[Site "www.echecsemail.com"]
[Date "2026.02.03"]
[Round "1"]
[White "Pioupiou22"]
[Black "Nemesis"]
[WhiteElo "1720"]
[BlackElo "1809"]
[Result "0-1"]
1.d4 Ng8f6
2.c4 e6
3.Ng1f3 Bf8b4
4.Bc1d2 a5
5.e3 d6
6.Bf1d3 Qd8e7
7.O-O O-O
8.Nb1c3 e5
9.dxe5 dxe5
10.Nc3e4 Rf8d8
11.Ne4xf6 Qe7xf6
12.Bd3b1 e4
13.Bb1xe4 Bc8g4
14.Qd1c2 Bg4xf3
15.Bd2xb4 Bf3xe4
16.Qc2xe4 axb4
17.Qe4xb7 Nb8a6
18.b3 Ra8b8
19.Qb7e4 Na6c5
20.Qe4c2 Rd8d6
21.Ra1d1 Rb8d8
22.h3 g6
23.Qc2e2 Nc5e4
24.Qe2e1 Rd6xd1
25.Qe1xb4 Rd1xf1
26.Kxf1 Qf6xf2
0-1

[Event "Eq:Pirates du Mat-Les Gens du Sud :"]
[Site "www.echecsemail.com"]
[Date "2026.02.03"]
[Round "1"]
[White "Degun"]
[Black "Nuageblanc"]
[WhiteElo "1920"]
[BlackElo "1550"]
[Result "1-0"]
1.e4 e5
2.Ng1f3 Nb8c6
3.Bf1c4 Bf8c5
4.c3 Ng8f6
5.d4 exd4
6.cxd4 Bc5b6
7.O-O d6
8.Bc4b5 O-O
9.Bc1g5 h6
10.Bg5h4 Bc8g4
11.Bb5e2 Bg4xf3
12.Be2xf3 Nc6xd4
13.Nb1d2 g5
14.Bh4g3 Rf8e8
15.Nd2c4 Nd4xf3
16.Qd1xf3 Nf6xe4
17.Nc4xb6 axb6
18.Qf3h5 Kg7
19.f4 Ne4f6
20.Qh5f3 g4
21.Qf3c3 c6
22.Bg3h4 Re8e6
23.a3 Ra8a5
24.Ra1e1 Ra5c5
25.Qc3d4 Rc5d5
26.Qd4c3 Rd5c5
27.Bh4xf6 Qd8xf6
28.Qc3d2 Rc5d5
29.Qd2f2 c5
30.b4 Qf6d4
31.Re1d1 Qd4xf2
32.Kxf2 Rd5xd1
33.Rf1xd1 f5
34.Rd1d3 c4
35.Rd3d4 b5
36.a4 bxa4
37.Rd4xc4 b5
38.Rc4c7 Kf6
39.Rc7b7 Re6e4
40.Rb7xb5 a3
41.Rb5a5 Re4xb4
42.Ra5xa3 Rb4xf4
43.Kg3 Kg5
44.h4 gxh3
45.Kxh3 d5
46.Ra3d3 d4
47.g3 Rf4e4
48.Kg2 Kg4
49.Kf2 h5
50.Kg2 h4
51.gxh4 Kxh4
52.Kf3 Re4e3
53.Rd3xe3  { temps }1-0

[Event "Tournoi n27313"]
[Site "www.echecsemail.com"]
[Date "2026.02.03"]
[Round "1"]
[White "Trebillig"]
[Black "Tizi"]
[WhiteElo "1690"]
[BlackElo "1730"]
[Result "0-1"]
1.e4 e5
2.Nb1c3 Nb8c6
3.h3 Ng8f6
4.a3 d5
5.exd5 Nf6xd5
6.Bf1b5 Nd5xc3
7.bxc3 Bc8d7
8.c4 a6
9.Bb5xc6 Bd7xc6
10.f3 Bf8c5
11.Bc1b2 Qd8h4
12.Ke2 Qh4f2
13.Kd3 O-O-O
14.Kc3 Qf2d4
15.Kb3 Bc6a4
16.Ka2 Qd4xc4
17.Kb1 Qc4d5
18.Kc1 e4
19.fxe4 Qd5xe4
20.Qd1g4 f5
21.Qg4xe4 fxe4
22.Ng1e2 e3
23.d3 Rh8f8
24.Ne2c3 Ba4c6
25.Rh1g1 e2
26.Rg1e1 Rd8e8
 { temps }0-1

[Event "Tournoi échelle division 2"]
[Site "www.echecsemail.com"]
[Date "2026.02.03"]
[Round "1"]
[White "Linselleschti"]
[Black "Nbelnico"]
[WhiteElo "1540"]
[BlackElo "1710"]
[Result "1-0"]
1.d4 d5
2.e4 dxe4
3.Nb1c3 Bc8f5
4.f3 exf3
5.Ng1xf3 e6
6.Bf1b5 c6
7.Bb5d3 Bf5g4
8.Bc1e3 Bf8b4
9.O-O h6
10.Qd1d2 Bg4xf3
11.Rf1xf3 Ng8f6
12.Ra1f1 O-O
13.Qd2f2 Nf6g4
14.Qf2g3 h5
15.h3 Bb4d6
16.Qg3e1 Ng4xe3
17.Qe1xe3 Bd6e7
18.Qe3f2 Qd8e8
19.Rf3g3 Kh8
20.Qf2e2 g6
21.Qe2e5 f6
22.Qe5xe6 c5
23.Bd3xg6 Qe8d8
24.Rf1e1 Be7d6
25.Rg3e3 cxd4
26.Re3d3 Bd6c5
27.Nc3e4 Bc5e7
28.Qe6f5 Kg7
29.Qf5xh5 Rf8h8
30.Qh5g4 Kf8
31.Qg4e6 Kg7
32.Qe6f7 Kh6
33.Re1f1 Nb8d7
34.Rf1f5 Nd7e5
35.Rf5h5 1-0

[Event "Coupe Niveau 5"]
[Site "www.echecsemail.com"]
[Date "2026.02.03"]
[Round "1"]
[White "Alain64"]
[Black "Elghribi"]
[WhiteElo "2080"]
[BlackElo "1920"]
[Result "1-0"]
1.f4 Ng8f6
2.Ng1f3 g6
3.b3 Bf8g7
4.Bc1b2 O-O
5.d4 d6
6.Nb1c3 Nb8c6
7.e4 Bc8g4
8.Bf1e2 Bg4xf3
9.Be2xf3 Nf6d7
10.e5 e6
11.O-O Nc6e7
12.Bf3xb7 Ra8b8
13.Bb7f3 d5
14.Nc3a4 f5
15.exf6 Nd7xf6
16.Rf1e1 Qd8d6
17.Na4c5 { abandon }1-0

[Event "Défi( 10J+24H/c 10J Max )"]
[Site "www.echecsemail.com"]
[Date "2026.02.03"]
[Round "1"]
[White "Mino"]
[Black "Mimi66"]
[WhiteElo "1360"]
[BlackElo "1350"]
[Result "1-0"]
1.c4 e5
2.a4 Bf8c5
3.e3 Qd8f6
4.Qd1g4 Kd8
5.Nb1c3 c6
6.Nc3e4 Qf6e7
7.Qg4xg7 Kc7
8.Qg7xh8 Qe7f8
9.Qh8xe5 d6
10.Qe5h8 Nb8d7
11.d4  { temps }1-0

[Event "MI6A"]
[Site "www.echecsemail.com"]
[Date "2026.02.03"]
[Round "1"]
[White "Rvsinovitch"]
[Black "Sarcoidose59"]
[WhiteElo "2020"]
[BlackElo "1980"]
[Result "0-1"]
1.e4 e6
2.d4 d5
3.Nb1d2 Ng8f6
4.e5 Nf6d7
5.Bf1d3 c5
6.c3 Nb8c6
7.Ng1e2 cxd4
8.cxd4 Bf8e7
9.O-O O-O
10.f4 f6
11.Nd2f3 b6
12.a3 Bc8b7
13.Bc1d2 Ra8c8
14.Ra1c1 f5
15.Qd1e1 Rf8f7
16.h4 h6
17.h5 Nd7f8
18.Bd2e3 Nc6a5
19.Rc1xc8 Qd8xc8
20.Nf3h4 Na5c4
21.Be3c1 Qc8d8
22.Nh4g6 Nf8xg6
23.hxg6 Rf7f8
24.Qe1g3 Bb7c6
25.Qg3h3 Bc6e8
26.Qh3h5 b5
27.Rf1f3 a6
28.Rf3g3 Qd8a5
29.Kh2 Qa5e1
30.Rg3h3 Nc4d2
31.Bc1xd2 Qe1xd2
32.g4 fxg4
33.Qh5xg4 Be8d7
34.b4 Be7d8
35.Kh1 Bd8b6
36.Qg4g1 Rf8c8
37.Qg1h2 Bb6xd4
38.Rh3xh6 Qd2e1
39.Ne2g1 gxh6
{ abandon }0-1

[Event "MI6A"]
[Site "www.echecsemail.com"]
[Date "2026.02.03"]
[Round "1"]
[White "Sarcoidose59"]
[Black "Rvsinovitch"]
[WhiteElo "1980"]
[BlackElo "2020"]
[Result "1-0"]
1.c4 Ng8f6
2.Nb1c3 d5
3.e3 c5
4.cxd5 Nf6xd5
5.Qd1b3 Nd5xc3
6.dxc3 e6
7.Ng1f3 Bf8e7
8.Bc1d2 O-O
9.O-O-O Nb8c6
10.e4 b6
11.Bd2f4 Bc8d7
12.Bf1b5 Qd8c8
13.Rd1xd7 Qc8xd7
14.Nf3e5 Qd7c7
15.Bb5xc6 Be7d6
16.Bc6xa8 Bd6xe5
17.Bf4xe5 Qc7xe5
18.Ba8c6 Qe5f4
19.Kb1 Qf4xf2
20.e5 Rf8d8
21.Bc6f3 Qf2e3
22.Rh1d1 Rd8b8
23.Qb3b5 Qe3xe5
24.Qb5d7 g6
25.a3 a5
26.Qd7a7 Qe5xh2
27.Rd1d7 Qh2f4
28.Rd7xf7 Qf4xf7
29.Qa7xb8 Kg7
30.Qb8xb6 Qf7f5
31.Ka1 a4
32.Qb6a7 Kh6
33.Qa7xa4 Qf5d3
34.Qa4f4 Kg7
35.Qf4c7 Kh6
36.Qc7xc5 Qd3f1
37.Ka2 Qf1a6
38.c4 Qa6a4
39.Qc5e3 Kg7
40.b3 Qa4d7
41.a4 { abandon }1-0

[Event "Tournoi n27257"]
[Site "www.echecsemail.com"]
[Date "2026.02.03"]
[Round "1"]
[White "Jerem51"]
[Black "Arcadie"]
[WhiteElo "1959"]
[BlackElo "2060"]
[Result "1-0"]
1.d4 Ng8f6
2.c4 c5
3.d5 b5
4.Ng1f3 bxc4
5.Nb1c3 Bc8b7
6.e3 g6
7.Bf1xc4 Bf8g7
8.O-O d6
9.Rf1e1 Nb8d7
10.h3 Nd7b6
11.Bc4b5 Nf6d7
12.Qd1b3 O-O
13.e4 Qd8c7
14.Bc1e3 c4
15.Qb3b4 a5
16.Qb4a3 Rf8c8
17.Nc3a4 Nb6xa4
18.Qa3xa4 Nd7b6
19.Qa4a3 c3
20.bxc3 Nb6c4
21.Bb5xc4 Qc7xc4
22.Be3d4  { temps }1-0

[Event "CHATURANGA"]
[Site "www.echecsemail.com"]
[Date "2026.02.03"]
[Round "1"]
[White "Leredoutable"]
[Black "Woluwe1975"]
[WhiteElo "1750"]
[BlackElo "1640"]
[Result "0-1"]
1.e4 e5
2.Ng1f3 Ng8f6
3.Bf1c4 d5
4.exd5 Bf8d6
5.O-O O-O
6.Nb1c3 e4
7.Nf3d4 Nf6g4
8.g3 Qd8f6
9.f4 Qf6xd4
10.Kg2 Qd4xc4
11.d3 exd3
12.cxd3 Qc4d4
13.Qd1f3 Ng4f6
14.Bc1d2 Rf8e8
15.Ra1e1 Bc8d7
16.Bd2e3 Qd4xd3
17.h3 Nf6xd5
18.Nc3xd5 Qd3xd5
19.Qf3xd5 Bd7c6
20.Qd5xc6 Nb8xc6
21.g4 a6
22.f5 Nc6b4
23.Be3d4 Re8xe1
24.Rf1xe1 Nb4d3
25.Re1e2 Nd3f4
26.Kf3 Nf4xe2
27.Kxe2 Ra8e8
28.Kf3 h6
{ abandon }0-1

[Event "Tournoi n27433"]
[Site "www.echecsemail.com"]
[Date "2026.02.03"]
[Round "1"]
[White "Tiounet"]
[Black "Patau"]
[WhiteElo "1580"]
[BlackElo "1660"]
[Result "1-0"]
1.a3 e5
2.b4 c5
3.bxc5 Bf8xc5
4.Bc1b2 Nb8c6
5.e3 d5
6.Ng1f3 Qd8d6
7.g3 f5
8.Bf1g2 Ng8f6
9.O-O Bc8e6
10.d4 exd4
11.Nf3xd4 O-O
12.Nd4xe6 Qd6xe6
13.Nb1c3 Ra8d8
14.Nc3a4 Bc5e7
15.Qd1d2 b5
16.Na4c3 a6
17.Nc3e2 Nf6e4
18.Qd2c1 Nc6e5
19.Ne2f4 Qe6d6
20.Rf1d1 Ne5c4
21.Rd1xd5 Qd6b6
22.Bb2d4 Qb6b7
23.Rd5xd8 Rf8xd8
24.Nf4e6 Rd8d6
25.Ne6xg7 Be7f6
26.Ng7xf5 Bf6xd4
27.Nf5xd4 Nc4d2
28.f3 Ne4c3
29.Qc1xd2 { abandon }1-0

[Event "Coupe Niveau 2"]
[Site "www.echecsemail.com"]
[Date "2026.02.03"]
[Round "1"]
[White "Panchoa"]
[Black "Domenico"]
[WhiteElo "1630"]
[BlackElo "1790"]
[Result "1/2-1/2"]
1.e4 e5
2.Ng1f3 d6
3.Nb1c3 Ng8f6
4.Bf1c4 Bf8e7
5.O-O O-O
6.d3 a5
7.a4 c6
8.d4 Bc8d7
9.dxe5 dxe5
10.Nf3xe5 Bd7e6
11.Bc4xe6 fxe6
12.Bc1g5 Qd8e8
13.Nc3e2 Nf6xe4
14.Bg5xe7 Qe8xe7
15.f3 Qe7c5
16.Qd1d4 Qc5xd4
17.Ne2xd4 Ne4d6
18.Nd4xe6 Rf8f5
19.Ra1e1 b5
20.axb5 Nd6xb5
21.c4 Nb5d6
22.f4 Ra8a7
23.g4 Rf5f6
24.f5 Nb8d7
25.c5 Nd7xe5
26.Re1xe5 Nd6c4
27.Re5e1 Nc4xb2
28.g5 Rf6f7
29.Re1b1 Ra7b7
30.Ne6d8 a4
31.Nd8xf7 Kxf7
32.Rf1e1 a3
33.g6 hxg6
34.fxg6 Kxg6
35.Re1e6 Kh5
36.Re6xc6 Rb7b5
37.Rb1a1 Nb2c4
38.Rc6a6 Rb5xc5
39.Ra1xa3 Nc4xa3
40.Ra6xa3 Rc5c2
41.Ra3g3 g5
42.Rg3h3 Kg4
43.Rh3g3 Kh4
44.Rg3g2 Rc2c1
45.Kf2 g4
46.Rg2g3 Rc1c2
47.Kg1 Rc2a2
48.Rg3g2 Ra2a1
49.Kf2 Kh3
50.Rg2g3 Kxh2
51.Rg3xg4 { nul }1/2-1/2

[Event "Défi"]
[Site "www.echecsemail.com"]
[Date "2026.02.03"]
[Round "1"]
[White "Superman"]
[Black "Algors"]
[WhiteElo "1760"]
[BlackElo "1760"]
[Result "1-0"]
1.e4 c5
2.Ng1f3 d5
3.e5 d4
4.Bf1c4 e6
5.O-O f6
6.Rf1e1 f5
7.c3 d3
8.Re1e3 Nb8c6
9.Re3xd3 Qd8c7
10.Rd3e3 Bf8e7
11.d4 cxd4
12.cxd4 Nc6b4
13.b3 Bc8d7
14.Nb1c3 O-O-O
15.Bc1d2 f4
16.Re3e2 g5
17.a3 Nb4c6
18.Nc3b5 Qc7b6
19.a4 Nc6a5
20.Bd2xa5 Qb6xa5
21.Ra1c1 Bd7xb5
22.axb5 Kb8
23.Rc1a1 Qa5b6
24.Qd1d3 h6
25.Re2a2 Be7c5
26.dxc5 Rd8xd3
27.cxb6 Rd3d8
28.Ra2xa7 { abandon }1-0

[Event "Tournoi n27392"]
[Site "www.echecsemail.com"]
[Date "2026.02.03"]
[Round "1"]
[White "Mokanne"]
[Black "Ozon"]
[WhiteElo "1440"]
[BlackElo "1630"]
[Result "0-1"]
1.g3 e5
2.Bf1g2 d5
3.b3 Nb8c6
4.e3 Ng8f6
5.Bc1b2 Bf8c5
6.h3 Bc8e6
7.Ng1f3 Bc5d6
8.O-O Qd8d7
9.g4 O-O-O
10.c3 g6
11.d3 Nf6g8
12.Nb1d2 f6
13.e4 f5
14.gxf5 gxf5
15.exd5 Be6xd5
16.c4 Bd5e6
17.Rf1e1 Ng8e7
18.Nf3xe5 Nc6xe5
19.Bb2xe5 Rh8g8
20.Qd1e2 Bd6c5
21.Qe2f3 Ne7c6
22.Kh1 Kb8
23.Bg2f1 Ka8
24.Ra1d1 Rd8b8
25.Qf3f4 Bc5d6
26.Nd2f3 Be6f7
27.Be5xd6 cxd6
28.Nf3h4 Nc6e7
29.d4 Rg8e8
30.Bf1d3 Qd7c6
31.f3 Ne7g6
32.Nh4xg6 Bf7xg6
33.Bd3xf5 Re8f8
34.Qf4e4 Bg6xf5
35.Qe4xc6 bxc6
36.Kh2 Rb8b4
37.Re1e3 a5
38.Kg3 h5
39.d5 c5
40.Rd1d2 a4
41.f4 Bf5b1
42.Rd2e2 Rf8b8
43.Kh4 axb3
44.axb3 Rb8b7
45.Kxh5 Rb7a7
46.Kg4 Bb1a2
47.Re3e8 Rb4b8
48.Re2e3 Ra7b7
49.Re8e6 Rb7b6
50.h4 Ba2xb3
51.h5 Bb3xc4
52.Re3a3 Bc4a6
53.Re6e3 Kb7
54.h6 Kc7
55.h7 Rb8h8
56.Re3e7 Kd8
57.Ra3e3 Ba6b7
58.Re7g7 Bb7xd5
59.Re3e7 c4
60.Rg7g8 Bd5xg8
61.Re7g7 Bg8xh7
62.f5 d5
63.Rg7a7 Rb6b8
64.f6 Ke8
65.Kg5 Kf8
66.Ra7a2 Kf7
67.Ra2a7 Ke6
68.Ra7a6 Ke5
69.Ra6a1 Rb8f8
70.Ra1e1 Kd6
71.Re1e3 Rf8f7
72.Re3f3 Rh8f8
73.Rf3a3 Ke5
74.Ra3e3 Bh7e4
75.Re3e2 Rf7xf6
76.Re2e1 Rf6g6
77.Kh5 Rf8h8
0-1

[Event "Eq:Pirates du Mat-Les Gens du Sud :"]
[Site "www.echecsemail.com"]
[Date "2026.02.03"]
[Round "1"]
[White "Rackam"]
[Black "Sorim"]
[WhiteElo "2040"]
[BlackElo "2020"]
[Result "1-0"]
1.e4 c5
2.Ng1f3 e6
3.d4 cxd4
4.Nf3xd4 a6
5.c4 Nb8c6
6.a3 Bf8c5
7.Bc1e3 Qd8a5
8.Nb1c3 Qa5b6
9.Nc3a4 Qb6a7
10.Nd4xc6 bxc6
11.Be3xc5 Qa7b8
12.Na4b6 Qb8e5
13.Qd1d4 d6
14.Qd4xe5 dxe5
15.Nb6xa8 Ng8f6
16.Na8c7 Kd7
17.Bc5b6 Nf6xe4
18.Ra1d1 Ke7
19.f3 Ne4f6
20.Bb6c5 1-0

[Event "Défi( 10J+24H/c 10J Max )"]
[Site "www.echecsemail.com"]
[Date "2026.02.03"]
[Round "1"]
[White "Poison"]
[Black "Minon"]
[WhiteElo "1070"]
[BlackElo "1910"]
[Result "0-1"]
1.e4 e5
2.Ng1f3 d6
3.Bf1d3 Nb8c6
4.Bd3b5 Ng8e7
5.Bb5xc6 Ne7xc6
6.Nb1c3 Bf8e7
7.Nc3d5 Bc8g4
8.Nd5xe7 Qd8xe7
9.O-O O-O-O
10.d3 Nc6d4
11.c3 Nd4xf3
12.gxf3 Bg4d7
13.Bc1e3 f5
14.exf5 Bd7xf5
15.Be3xa7 b6
16.Ba7xb6 cxb6
17.a4 Rd8d7
18.b4 d5
19.Qd1e2 Rd7b7
20.d4 e4
21.fxe4 dxe4
22.f3 Qe7g5
23.Kf2 exf3
24.Qe2c4 Rb7c7
25.Qc4d3 Bf5xd3
26.Rf1e1 Qg5g2
27.Ke3 Rc7e7
28.Kxd3 Re7xe1
29.Ra1xe1 Qg2e2
30.Re1xe2 fxe2
31.Kxe2 Rh8e8
32.Kd3 Kc7
33.a5 bxa5
34.bxa5 Re8a8
35.c4 Ra8xa5
36.c5 Kc6
37.h4 Ra5a3
38.Kc4 Ra3h3
39.d5 Kc7
40.d6 Kc6
41.d7 Kxd7
42.Kb5 Kc7
43.c6 Rh3xh4
44.Ka6 g5
45.Ka7 g4
46.Ka8 g3
47.Ka7 Rh4a4
0-1